| 000 | 00745nam a2200253Ia 4500 | ||
|---|---|---|---|
| 001 | 21990 | ||
| 005 | 20260320113332.0 | ||
| 008 | 260320s9999||||xx |||||||||||||| ||und|| | ||
| 020 | _a9788432138317 | ||
| 041 | _aESP | ||
| 082 |
_a128 _bL724 |
||
| 100 |
_aLlano Cifuentes, Carlos, _eAUT |
||
| 245 | 0 |
_aViaje al centro del hombre _b |
|
| 246 |
_a _5 _b |
||
| 260 |
_aMadrid : _bEdiciones Rialp, _c2010 |
||
| 300 |
_a105 páginas : _bcuadros ; _c20 cm. _e |
||
| 440 |
_a _n _v |
||
| 650 | _aFIP | ||
| 653 | _aAntropología filosófica | ||
| 654 | _aCHU | ||
| 700 |
_a _c |
||
| 856 |
_uhttps://0u20fmutw-y-https-research-ebsco-com.itmsp.museknowledge.com/c/qxo6us/search _zVéase además: Base de datos EBSCOhost |
||
| 942 |
_cLIB _dJUS _fMAT _2ddc _n |
||
| 999 |
_c21990 _d21990 |
||